Statistiques concernant Pays les plus proches de l'Antarctique

Cliquez ici pour prendre le quiz!

Statistiques générales

  • Ce quiz a été pris 130 fois
  • Le résultat moyen est 18 sur 20

Réponses sur la Carte

Les réponses sont colorées sur une échelle allant du rouge au vert en fonction du pourcentage des utilisateurs qui les ont devinées à leur premier essai. Vous pouvez retrouver ces pourcentages ci-dessous.
 

Statistiques - réponses

KmPays% Correct
1023Argentine
100%
2518Australie
99%
3292Brésil
99%
1005Chili
99%
3856Afrique du Sud
98%
2484Nouvelle-Zélande
98%
4513Madagascar
96%
4523Bolivie
95%
3151Uruguay
94%
3978Paraguay
93%
5094Pérou
93%
4236Lesotho
88%
4513Namibie
87%
4646Mozambique
84%
4714Botswana
83%
4597Eswatini
81%
5070Zimbabwe
81%
5052Île Maurice
78%
5576Malawi
75%
5438Vanuatu
63%

Distribution des résultats

Percentile par nombre de réponses

% des personnes avec chaque résultat

Votre développement - résultats

Vous n’avez pas pris ce quiz